000 01598cam a22004574i 4500
003 PE-LiUPU
005 20250731173314.0
008 150616s1973 sp r 000 0 spa d
020 _a8470571435
035 _a(Sirsi) i9788470571435
040 _aPE-LiUPU
_bspa
_cPE-LiUPU
_erda
049 _aPRUA
082 0 4 _a290.9
_bH673
_223
245 0 0 _aHistoria Religionum :
_bmanual de historia de las religiones: religiones del presente/
_cDirigido por C. Jouco Bleeker y Geo Windengren
264 1 _aMadrid :
_bEdiciones Cristiandad,
_c1973.
300 _a697 páginas ;
_c24 centímetros.
336 _atext
_2rdacontent
337 _aunmediated
_2rdamedia
338 _avolume
_2rdacarrier
504 _aIncluye bibliografía.
505 0 _aTomo 2: RELIGIONES DEL PRESENTE Judaísmo -- Cristianismo -- El Islam -- Zoroastrismo -- Hinduismo -- Jainismo -- Budismo -- Religiones de China -- Religiones del Japón -- Religiones de los pueblos sin escritura.
526 _aSEG42
526 _aSEG41
526 _aSEG40
526 _aSEG39
526 _aP94
526 _aP87
526 _aP86
526 _aP85
526 _aP77
526 _aP76
526 _aP35
650 0 0 _aReligiones
_xHistoria
_92996
700 1 _aBleeker, C. Jouco,
_eeditor.
700 1 _aWidengren, Geo,
_eeditor.
910 _ajck
942 _2ddc
_cBK
_n0
949 _a290.9 H673
_wDEWEY
_c1
_i14225
_lCCODEBUL1
_mBUL
_r0
_sY
_tBOOK
_u2015-6-16
_xTEOLOGIA
_zUNKNOWN
_0COMPRA
_o.STAFF. Colección Teología
980 _81
_gALBERTO SANCHEZ Responsable de Automatización
999 _c45468
_d45468